000 00844nam a2200241 a 4500
001 000019007
005 20200929165912.0
008 951228s1995 bl b 000 0 por
010 _a95832864
020 _a8585725095
040 _aDO-SdBNP
_cDLC
042 _alcode
043 _as-bl---
050 0 0 _aLB1050
_b.L438 1995
245 0 0 _aLeituras no Brasil :
_bantologia comemorativa pelo 10o. COLE : dos anais dos COLEs /
_cMarcia Abreu (org.) ; Haquira Osakabe ... [et al.].
260 _aCampinas, SP, Brasil :
_bAssociacao de Leitura do Brasil :
_bMercado de Letras,
_c[1995?].
300 _a192 p. ;
_c21 cm.
504 _aIncludes bibliographical references (p. 192).
650 0 _aReading
_zBrazil.
_940894
700 1 _aAbreu, Marcia Donner.
_940895
700 1 _aOsakabe, Haquira.
_940896
910 _aCatalogación derivada / LC
999 _c18525
_d18525